| 000 | 00534nam a2200145Ia 4500 | ||
|---|---|---|---|
| 008 | 170221s9999 xx 000 0 und d | ||
| 100 | _aMohd Haniff Jedin, Norsafinas Md Saad | ||
| 245 | _aEffective Relationship Engagement in the Post-Integration of Mergers and Acquisitions | ||
| 245 | _cMohd Haniff Jedin, Norsafinas Md Saad | ||
| 260 | _bInternational Review of Management and Marketing | ||
| 260 | _cAugust 2015 | ||
| 300 | _a4:2 | ||
| 650 | _xMarketing. | ||
| 856 | _uhttp://www.econjournals.com/index.php/irmm/issue/view/91 | ||
| 999 |
_c310119 _d310119 |
||